Бит и душевност на нашия народ (Запис номер 9845)
[ съкратено ]
| 000 -Лидер | |
|---|---|
| Контролно поле с фиксирана дължина | 01920nam a2200397 c 4500 |
| 003 - Код на организацията, давaща контролен номер | |
| Контролно поле | BLK |
| 005 - Дата и час на последна редакция | |
| Контролно поле | 20250528133429.0 |
| 008 - Елементи от данни с фиксирана дължина | |
| fixed length control field | 180412b bul|||||r ||||||| ||bul|| |
| 010 ## - Наследен системен номер | |
| LC control number | KNG00011282000 |
| 020 ## - Международен стандартен номер на книга ISBN | |
| Международен стандартен номер на книга ISBN | 954-07-0739-0 |
| -- | издат.: Унив. изд. Св. Климент Охридски |
| 040 ## - Източник на каталожния запис | |
| Идентификатор на билиотеката - собственик на записа | BLK |
| 041 ## - Код за език | |
| Код за езика на текст/звукозапис или на отделно заглавие | Български |
| Код за езика КДБФ | Български |
| 080 ## - УДК | |
| Текстов определител УДК | Социално поведение. Социална психология |
| УДК код - определител по УДК | 316.6 |
| УДК определител | (497.2) |
| УДК - код + определител | 316.6(497.2) |
| 080 ## - УДК | |
| Текстов определител УДК | Социална диференциация. Социално разслоение |
| УДК код - определител по УДК | 316.34 |
| УДК определител | (497.2) |
| УДК - код + определител | 316.34(497.2) |
| 080 ## - УДК | |
| Текстов определител УДК | Психология на расата. Народопсихология |
| УДК код - определител по УДК | 159.922.4 |
| УДК определител | (=867) |
| УДК - код + определител | 159.922.4(=867) |
| 080 ## - УДК | |
| Текстов определител УДК | Обществен живот. Народен бит |
| УДК код - определител по УДК | 394 |
| УДК определител | (497.2)(091) |
| УДК - код + определител | 394(497.2)(091) |
| 100 1# - Редна дума - Автор | |
| Автор | Хаджийски, Иван Минков |
| Авторска отговорност | първи автор |
| R(LIN) | 254887 |
| 139 ## - Редно поле | |
| Редна дума | Хаджийски, Иван Минков |
| Авторски знак | Хаджи - Х 15 |
| 245 10 - Сведения за заглавието | |
| Заглавие | Бит и душевност на нашия народ |
| Редно поле (дума) | Иван Минков Хаджийски. |
| 257 ## - Страна на издаване | |
| Страна на създаване/издаване | България |
| 260 ## - Област на издателските данни | |
| -- | София |
| Име на издателя, разпространителя и проч. | Унив. изд. Св. Климент Охридски |
| Година на издаване | 1995 - |
| 300 ## - Физическа характеристика | |
| Страници | 591 с. |
| Размери/Мащаб | 23 см |
| 380 ## - Жанр | |
| Жанр | Обществени науки |
| 490 1# - СЕРИИ (Колекции) | |
| Име на серия | Библиотека Идеи |
| 500 ## - Общи забележки | |
| Забележка | Деп. списък: 6. - Библиогр. с. 456-457. - Геогр. руб.: България. |
| 504 ## - Забележка за наличие на библиография и др | |
| Забележка за наличие на библиография и под. | 456-457 |
| 650 #4 - Допълнително описание по предмет – тема | |
| Основно описание – тема или топоним | Българи - народопсихология и бит |
| 9 (RLIN) | 254888 |
| 650 #4 - Допълнително описание по предмет – тема | |
| Основно описание – тема или топоним | Българи - социална психология |
| 9 (RLIN) | 254889 |
| 650 #4 - Допълнително описание по предмет – тема | |
| Основно описание – тема или топоним | Занаятчийство - България - история |
| 9 (RLIN) | 254890 |
| 852 ## - Местоположение | |
| Форматна сигнатура | Цб 184577 |
| 856 4# - Електронен адрес и достъп | |
| Електронен формат | pdf - файл |
| Път до файла /url/ | |
| 856 4# - Електронен адрес и достъп | |
| Електронен формат | pdf - файл |
| Път до файла /url/ | |
| 942 ## - АРТИКУЛИ | |
| Вид на библиотечния материал | Книги |
| Скрит в OPAC | Не |
| Koha issues (borrowed), all copies | 10 |
| 944 ## - СЪЗДАВАНЕ И РЕДАКЦИЯ на ЗАПИСА | |
| Създаване/Редакция | Създаване |
| Дата на регистрацията/редакция | 15.01.2003 |
| Служител, извършил регистрацията/редакцията | 30576 |
| Статус, дата на статуса | Цветомила Тодорова |
| 944 ## - СЪЗДАВАНЕ И РЕДАКЦИЯ на ЗАПИСА | |
| Създаване/Редакция | Редакция |
| Дата на регистрацията/редакция | 24.04.2015 |
| Служител, извършил регистрацията/редакцията | Виолета_Тройчева |
| 999 ## - СИСТЕМНИ КОНТРОЛНИ НОМЕРА | |
| Koha biblionumber | 9845 |
| Koha biblioitemnumber | 9845 |
| Код за отписване | Код за изгубен артикул | Източник на класификационната схема | Код за повреда | Коз за рестрикции | Код за отдаване | Артикулен № | Име на библиотеката - собственик | Име на библиотеката, в която се намира в момента | Статус (Текущо местоположение) | Дата на вписване в системата | Местоположение - отдел | Цена в лева | Инвентарен номер | Систематично азбучна сигнатура | Баркод | Номер на екземпляра | Цена в евро | Служебна бележка | Служебен тип на артикула |
|---|---|---|---|---|---|---|---|---|---|---|---|---|---|---|---|---|---|---|---|
| Не е изгубен | Universal Decimal Classification | Не е повреден | без рестрикции | ползва се в читалня | 17070 | Регионална библиотека "Любен Каравелов" Русе | Регионална библиотека "Любен Каравелов" Русе | Читалня | 2001-01-01 | Читалня | 0.63 | 617454 | Ч 316/Х 15 | 120000617454 | 1 | 0.32 | Дата инв: 22.03.2017 Бележки инв: Ч2017 | Книги | |
| Не е изгубен | Universal Decimal Classification | Не е повреден | без рестрикции | заемане за дома | 17071 | Регионална библиотека "Любен Каравелов" Русе | Регионална библиотека "Любен Каравелов" Русе | Заемна - подръчен фонд | 2001-01-01 | Заемна - подръчен фонд | 6.03 | 617455 | П 316.6/Х 15 | 120000617455 | 2 | 3.08 | Дата инв: 02.02.2018 Бележки инв: П2018 | Книги | |
| Не е изгубен | Universal Decimal Classification | Не е повреден | без рестрикции | ползва се в читалня | 17072 | Регионална библиотека "Любен Каравелов" Русе | Регионална библиотека "Любен Каравелов" Русе | Хранилище | 2001-01-01 | Хранилище | 3.59 | 620530 | Цб 184577 | 120000620530 | 3 | 1.84 | Дата инв: 20.08.2014 Бележки инв: Цб2014 | Книги |